000 00293nam a22001337a 4500
008 170504b xxu||||| |||| 00| 0 eng d
020 _a9781593452667
041 _aeng
080 _26TH
_a342
100 _a14
101 _aSHJ
245 _aTHE POLICE MANAGER
_cLYNCH, R.G
942 _2udc
_cBK
999 _c12644
_d12644